Daňové úniky pri spotrebných daniach a možnosti eliminácie diplomová práca

Gespeichert in:
Bibliographische Detailangaben
1. Verfasser: Havlová, Lucia
Körperschaft: Národohospodárska fakulta EU. Katedra financií
Weitere Verfasser: Válek, Juraj, 1981-
Format: Buch
Sprache:Slowakisch
Veröffentlicht: Bratislava 2017
Tags: Tag hinzufügen
Keine Tags, Fügen Sie das erste Tag hinzu!

MARC

LEADER 00000nbm a2200000 4500
001 0231856
005 20171127144847.1
041 0 |a slo 
044 |a SK 
245 1 0 |a Daňové úniky pri spotrebných daniach a možnosti eliminácie  |b diplomová práca  |c Lucia Havlová ; školiteľ: Juraj Válek 
264 1 |a Bratislava  |c 2017 
300 |a 78 s. 
100 1 |a Havlová, Lucia 
700 1 |a Válek, Juraj, 1981- 
710 2 |a Národohospodárska fakulta EU. Katedra financií